00714 a2200193 450000100060000002000180000604000240002410000210004824000310006924500260010030000080012636200090013465000310014394200070017495200890018195201160027095201170038699900170050370375 a9788572081931 cAnchieta - Itaigara aSypriano, Lilian10aCoração aceleradolpor10aCoração acelerado a1020 a1998 4aLiteratura infanto-juvenil cBK 00104070a88.1b88.1d2023-11-21l0p3717/ITAr2023-11-21 20:05:21w2023-11-21yBK 00102udc4070a39.1b39.1d2024-07-17l0o028.5 S994cp9492/CCPr2024-08-07 11:56:31tEx. 1w2024-07-17yBKu 00102udc4070a39.1b39.1d2024-07-17l0o028.5 S994cp10740/CCPr2024-08-07 11:56:40tEx. 2w2024-07-17yBKu c70375d70375